00442nam a2200157Ia 4500001000500000005001700005008004100022041000800063082001700071100004100088245010200129260000900231300002800240650000800268654000800276437220260306145751.0260306t2016||||xx |||||||||||||| ||spa|| aESP a320.985bM22 aManrique Linares, Angel MaríaeAUT 0aCátedra Arequipa:btercera sesión, gestión y políticas públicas en gobiernos regionales c2016 a233 páginas :c23 cm. aGEN aCDE